Параллелизм функционирования логически разделенных подсистем сложной системы при Е-сетевом моделировании; Известия Томского политехнического университета [Известия ТПУ]; Т. 311, № 5 : Управление, вычислительная техника и информатика
| Parent link: | Известия Томского политехнического университета [Известия ТПУ]/ Томский политехнический университет (ТПУ).— , 2000- Т. 311, № 5 : Управление, вычислительная техника и информатика.— 2007.— [С. 47-50] |
|---|---|
| Main Author: | |
| Other Authors: | |
| Summary: | Заглавие с титульного листа Электронная версия печатной публикации Рассмотрены принципы объектно-ориентированного моделирования. Показана применимость аппарата математического моделирования для описания логики взаимодействия внутренних компонент сложной системы. Проведен сравнительный анализ методов описания параметрического взаимодействия компонент сложной системы. Приведены основные положения метода Е-сетевого моделирования взаимодействующих процессов. Показан пример формирования схемы преобразования атрибутов фишек на основе Е-сетевого графа модели и функций, описывающих преобразования параметрической информации. |
| Language: | Russian |
| Published: |
2007
|
| Series: | Управление, вычислительная техника и информатика |
| Subjects: | |
| Online Access: | http://www.lib.tpu.ru/fulltext/v/Bulletin_TPU/2007/v311/i5/09.pdf |
| Format: | Electronic Book Chapter |
| KOHA link: | https://koha.lib.tpu.ru/cgi-bin/koha/opac-detail.pl?biblionumber=172701 |
MARC
| LEADER | 00000nla2a2200000 4500 | ||
|---|---|---|---|
| 001 | 172701 | ||
| 005 | 20231220154812.0 | ||
| 035 | |a (RuTPU)RU\TPU\book\187278 | ||
| 035 | |a RU\TPU\book\187274 | ||
| 090 | |a 172701 | ||
| 100 | |a 20091215d2007 k y0rusy50 ca | ||
| 101 | 0 | |a rus | |
| 102 | |a RU | ||
| 135 | |a drnn ---uucaa | ||
| 181 | 0 | |a i | |
| 182 | 0 | |a b | |
| 200 | 1 | |a Параллелизм функционирования логически разделенных подсистем сложной системы при Е-сетевом моделировании |f С. Г. Цапко, И. В. Цапко | |
| 203 | |a Текст |c электронный | ||
| 215 | |a 1 файл (377 Кб) | ||
| 225 | 1 | |a Управление, вычислительная техника и информатика | |
| 300 | |a Заглавие с титульного листа | ||
| 300 | |a Электронная версия печатной публикации | ||
| 320 | |a [Библиогр.: с. 50 (5 назв.)] | ||
| 330 | |a Рассмотрены принципы объектно-ориентированного моделирования. Показана применимость аппарата математического моделирования для описания логики взаимодействия внутренних компонент сложной системы. Проведен сравнительный анализ методов описания параметрического взаимодействия компонент сложной системы. Приведены основные положения метода Е-сетевого моделирования взаимодействующих процессов. Показан пример формирования схемы преобразования атрибутов фишек на основе Е-сетевого графа модели и функций, описывающих преобразования параметрической информации. | ||
| 337 | |a Adobe Reader | ||
| 461 | 1 | |0 (RuTPU)RU\TPU\book\176237 |t Известия Томского политехнического университета [Известия ТПУ] |f Томский политехнический университет (ТПУ) |d 2000- | |
| 463 | 1 | |0 (RuTPU)RU\TPU\book\187250 |t Т. 311, № 5 : Управление, вычислительная техника и информатика |v [С. 47-50] |d 2007 |p 150 с. | |
| 610 | 1 | |a параллелизм | |
| 610 | 1 | |a подсистемы | |
| 610 | 1 | |a сложные системы | |
| 610 | 1 | |a сетевое моделирование | |
| 610 | 1 | |a объектно-ориентированное моделирование | |
| 610 | 1 | |a математическое моделирование | |
| 610 | 1 | |a логика | |
| 610 | 1 | |a внутренние компоненты | |
| 610 | 1 | |a параметрическая информация | |
| 610 | 1 | |a труды учёных ТПУ | |
| 610 | 1 | |a электронный ресурс | |
| 700 | 1 | |a Цапко |b С. Г. |c специалист в области информатики и вычислительной техники |c доцент Томского политехнического университета, заведующий лабораторией, кандидат технических наук |f 1973- |g Сергей Геннадьевич |3 (RuTPU)RU\TPU\pers\27092 |9 12642 | |
| 701 | 1 | |a Цапко |b И. В. |c специалист в области информатики и вычислительной техники |c доцент Томского политехнического университета, кандидат технических наук |f 1972- |g Ирина Валериевна |3 (RuTPU)RU\TPU\pers\28081 |4 070 |9 13040 | |
| 801 | 1 | |a RU |b 63413507 |c 20090623 |g PSBO | |
| 801 | 2 | |a RU |b 63413507 |c 20211118 |g PSBO | |
| 856 | 4 | |u http://www.lib.tpu.ru/fulltext/v/Bulletin_TPU/2007/v311/i5/09.pdf | |
| 942 | |c CF | ||